000 00483nam a2200181Ia 4500
001 4033
005 20260306145726.0
008 260306t2023||||xx |||||||||||||| ||spa||
041 _aESP
082 _a306.8
_bCH546
100 _aChesterton, G. K.,
_eAUT
245 0 _aHistoria de la familia :
_bsobre el único Estado que crea y ama a sus propios ciudadanos
260 _c2023
300 _a283 páginas :
_c22 cm.
650 _aGEN
654 _aCHU
942 _cLIB
_dJUS
_fJUS
_2ddc
_n
999 _c4033
_d4033